Les noms d'oiseaux par lettres -I - Statistiques

Statistiques générales
  • Ce quiz a été pris 62 fois
  • Le résultat moyen est 4 sur 13
Statistiques - réponses
Par images Réponse % Correct
Ibis
100%
Inséparable
88%
Ibijau
56%
Indicateur
46%
Irène
41%
Inca
39%
Irrisor
37%
Iiwi
27%
Iora
2%
Ithagine
2%
Idiopsar
0%
Iodopleure
0%
Iranie
0%
Aucun quiz correspondant
Distribution des résultats
% des personnes avec chaque résultat
Percentile par nombre de réponses
Votre historique - résultats
Vous n’avez pas pris ce quiz